LEADER 01049cam0-2200361---450- 001 990004652480403321 005 20140429113308.0 010 $a0-521-40135-6 035 $a000465248 035 $aFED01000465248 035 $a(Aleph)000465248FED01 035 $a000465248 100 $a19990604g19919999km-y0itay50------ba 101 0 $aeng 102 $aGB 105 $aa-------001yy 200 1 $a<>masks of Menander$esign and meaning in Greek and Roman Performance$fDavid Wiles 210 $aCambridge$cCambridge University Press$d1991. 215 $aXV, 271 p.$c7 tav.$d24 cm 610 0 $aMenandro 610 0 $aCommedia greca$aMenandro 610 0 $aCommedia latina 676 $a882.0109$v20. 676 $a872 700 1$aWiles,$bDavid$0185139 801 0$aIT$bUNINA$gRICA$2UNIMARC 901 $aBK 912 $a990004652480403321 952 $aP2B-250-WILES D.-1993$bBibl.15300$fFLFBC 952 $aP2B-250-WILES D.-1993 BIS$b4764 DFM$fFLFBC 959 $aFLFBC 996 $aMasks of Menander$9553994 997 $aUNINA LEADER 01313nam0-2200409---450 001 990005690660203316 005 20210915114955.0 035 $a000569066 035 $aUSA01000569066 035 $a(ALEPH)000569066USA01 035 $a000569066 100 $a20060303d1976----|||y0itaa50------ba 101 $aita 102 $ait 105 $a0 00||| 200 1 $a<> riflettore$fHenry James$gnota introduttiva di Sergio Perosa$gtraduzione di Mario Manzari 210 $aTorino$cEinaudi$dcopyr. 1976 215 $aXIV, 198 p.$d20 cm 225 2 $aCentopagine$fCollezione di grandi narratori diretta da Italo Calvino$v40 300 $aTrad. di: The reverberator. 410 0$12001$aCentopagine$v40 454 $1001SA0017031$12001$a<> reverberator$fHenry James.$920557 620 $dTORINO 676 $a813.4 700 1$aJAMES,$bHenry$f<1843-1916>$0131924 702 1$aPEROSA,$bSergio 702 1$aMANZARI,$bMario 801 0$aIT$bSA$c20111219 912 $a990005690660203316 950 0$aDipar.to di Filosofia - Salerno$dDFFDC 800 JAM$e7708 FIL 951 $aXV.18.B. 197 (FDC 800 JAM)$b7708 FIL$cXV.18.B$d481721 959 $aBK 969 $aFDECI 979 $c20121027$lUSA01$h1526 979 $c20121027$lUSA01$h1615 996 $aReverberator$920557 997 $aUNISA